LEADER 01036nam 2200349 450 001 9910404236303321 005 20231030201256.0 035 $a(CKB)4100000011302595 035 $a(NjHacI)994100000011302595 035 $a(EXLCZ)994100000011302595 100 $a20230224d2013 uy 0 101 0 $apor 135 $aur||||||||||| 181 $ctxt$2rdacontent 182 $cc$2rdamedia 183 $acr$2rdacarrier 200 10$aAlga que queria ser flor $eDie alge, die blume sein wolte /$fAna Cristina Tavares, Aida Cristina da Cruz e Silva, Joana Barata 210 1$aCoimbra :$cCoimbra University Press,$d2013. 215 $a1 online resource (54 pages) 311 $a989-26-0724-4 606 $aAlgae 615 0$aAlgae. 676 $a589.3 700 $aTavares$b Ana$0478655 702 $aSilva$b Aida Cristina da Cruz e 702 $aBarata$b Joana 801 0$bNjHacI 801 1$bNjHacl 906 $aBOOK 912 $a9910404236303321 996 $aAlga que queria ser flor$93574924 997 $aUNINA LEADER 03216nam 22006855 450 001 9910299299303321 005 20251114110947.0 010 $a3-030-00353-1 024 7 $a10.1007/978-3-030-00353-1 035 $a(CKB)4100000006519784 035 $a(DE-He213)978-3-030-00353-1 035 $a(MiAaPQ)EBC6281264 035 $a(PPN)230539963 035 $a(EXLCZ)994100000006519784 100 $a20180912d2018 u| 0 101 0 $aeng 135 $aurnn|008mamaa 181 $ctxt$2rdacontent 182 $cc$2rdamedia 183 $acr$2rdacarrier 200 10$aApplied Computer Sciences in Engineering $e5th Workshop on Engineering Applications, WEA 2018, Medellín, Colombia, October 17-19, 2018, Proceedings, Part II /$fedited by Juan Carlos Figueroa-García, Juan G. Villegas, Juan Rafael Orozco-Arroyave, Pablo Andres Maya Duque 205 $a1st ed. 2018. 210 1$aCham :$cSpringer International Publishing :$cImprint: Springer,$d2018. 215 $a1 online resource (XXI, 478 p. 224 illus.) 225 1 $aCommunications in Computer and Information Science,$x1865-0937 ;$v916 311 08$a3-030-00352-3 327 $aGreen logistics and optimization -- Internet of Things (IoT) -- Digital signal processing (DSP) -- Network applications -- Miscellaneous applications. 330 $aThis two-volume set (CCIS 915 and CCIS 916) constitutes the refereed proceedings of the 5th Workshop on Engineering Applications, WEA 2018, held in Medellín, Colombia, in October 2018. The 41 revised full papers presented in this volume were carefully reviewed and selected from 101 submissions. The papers are organized in topical sections such as green logistics and optimization, Internet of Things (IoT), digital signal processing (DSP), network applications, miscellaneous applications. 410 0$aCommunications in Computer and Information Science,$x1865-0937 ;$v916 606 $aSoftware engineering 606 $aArtificial intelligence 606 $aEducation$xData processing 606 $aComputer engineering 606 $aComputer networks 606 $aSoftware Engineering 606 $aArtificial Intelligence 606 $aComputers and Education 606 $aComputer Engineering and Networks 615 0$aSoftware engineering. 615 0$aArtificial intelligence. 615 0$aEducation$xData processing. 615 0$aComputer engineering. 615 0$aComputer networks. 615 14$aSoftware Engineering. 615 24$aArtificial Intelligence. 615 24$aComputers and Education. 615 24$aComputer Engineering and Networks. 676 $a004 676 $a004 702 $aFigueroa-García$b Juan Carlos$4edt$4http://id.loc.gov/vocabulary/relators/edt 702 $aVillegas$b Juan G$4edt$4http://id.loc.gov/vocabulary/relators/edt 702 $aOrozco-Arroyave$b Juan Rafael$4edt$4http://id.loc.gov/vocabulary/relators/edt 702 $aMaya Duque$b Pablo Andres$4edt$4http://id.loc.gov/vocabulary/relators/edt 801 0$bMiAaPQ 801 1$bMiAaPQ 801 2$bMiAaPQ 906 $aBOOK 912 $a9910299299303321 996 $aApplied Computer Sciences in Engineering$93590103 997 $aUNINA